<?xml version="1.0" encoding="UTF-8"?>
<record
    xmlns:xsi="http://www.w3.org/2001/XMLSchema-instance"
    xsi:schemaLocation="http://www.loc.gov/MARC21/slim http://www.loc.gov/standards/marcxml/schema/MARC21slim.xsd"
    xmlns="http://www.loc.gov/MARC21/slim">

  <leader>00995cam a22002531a 4500</leader>
  <controlfield tag="001">ca 15000838 </controlfield>
  <controlfield tag="003">DLC</controlfield>
  <controlfield tag="005">20260227111100.0</controlfield>
  <controlfield tag="008">850212s1874    fr            000 0 fre  </controlfield>
  <datafield tag="010" ind1=" " ind2=" ">
    <subfield code="a">ca 15000838 </subfield>
  </datafield>
  <datafield tag="035" ind1=" " ind2=" ">
    <subfield code="a">(OCoLC)11683910</subfield>
  </datafield>
  <datafield tag="040" ind1=" " ind2=" ">
    <subfield code="a">DLC</subfield>
    <subfield code="c">VtU</subfield>
    <subfield code="d">VtU</subfield>
    <subfield code="d">DLC</subfield>
  </datafield>
  <datafield tag="042" ind1=" " ind2=" ">
    <subfield code="a">premarc</subfield>
  </datafield>
  <datafield tag="050" ind1="0" ind2="0">
    <subfield code="a">DC252</subfield>
    <subfield code="b">.L25</subfield>
  </datafield>
  <datafield tag="100" ind1="1" ind2=" ">
    <subfield code="a">Lanfrey, Pierre,</subfield>
    <subfield code="d">1828-1877.</subfield>
  </datafield>
  <datafield tag="245" ind1="1" ind2="0">
    <subfield code="a">&#xC9;tudes et portraits politiques /</subfield>
    <subfield code="c">par P. Lanfrey.</subfield>
  </datafield>
  <datafield tag="250" ind1=" " ind2=" ">
    <subfield code="a">3e &#xE9;d.</subfield>
  </datafield>
  <datafield tag="260" ind1=" " ind2=" ">
    <subfield code="a">Paris :</subfield>
    <subfield code="b">Charpentier,</subfield>
    <subfield code="c">1874.</subfield>
  </datafield>
  <datafield tag="300" ind1=" " ind2=" ">
    <subfield code="a">384 p. ;</subfield>
    <subfield code="c">18 cm.</subfield>
  </datafield>
  <datafield tag="505" ind1="0" ind2=" ">
    <subfield code="a">L'histoire du condulat et de l'empire par m. Thiers -- Daunou --Carnot -- Armand Carrel -- M. Guizot -- M. Proudhon -- Du r&#xE9;gime parlementaire sous Louis-Philippe -- Un dernier mot sur Carnot -- Paris en Am&#xE9;rique par m. E. Laboulaye.</subfield>
  </datafield>
  <datafield tag="651" ind1=" " ind2="0">
    <subfield code="a">France</subfield>
    <subfield code="x">Politics and government.</subfield>
  </datafield>
  <datafield tag="600" ind1="1" ind2="0">
    <subfield code="a">Thiers, Adolphe,</subfield>
    <subfield code="d">1797-1877.</subfield>
    <subfield code="t">L'histoire du consulat et de l'empire.</subfield>
  </datafield>
  <datafield tag="600" ind1="1" ind2="0">
    <subfield code="a">Laboulaye, Edouard,</subfield>
    <subfield code="d">1811-1883.</subfield>
    <subfield code="t">Paris en Am&#xE9;rique.</subfield>
  </datafield>
  <datafield tag="999" ind1=" " ind2=" ">
    <subfield code="c">14821</subfield>
    <subfield code="d">14821</subfield>
  </datafield>
</record>
